| 000 | 00638 a2200193 4500 | ||
|---|---|---|---|
| 999 |
_c2732 _d2732 |
||
| 020 | _a9780850035988 | ||
| 050 | _aHN 49 BRO 2002 | ||
| 100 |
_aBrown, David _eauthor |
||
| 245 |
_aParticipation in practice : _bcase studies from the Gambia / _cDavid Brown. |
||
| 264 |
_aLondon : _bOverseas Development Institute, _c2002 |
||
| 300 |
_axvii,269p. _bill. |
||
| 500 | _aicludes bibliographical references and index | ||
| 650 | _aParticipatory rural appraisal | ||
| 700 |
_aMick Howes _eauthor |
||
| 700 |
_aKarim Hussein _eauthor |
||
| 700 |
_aCatherine Longley _eauthor |
||
| 700 |
_aKen Swindell _eauthor |
||
| 942 |
_2lcc _cBK _h49 _iBRO _kHN |
||